000 00668nam a2200217Ia 4500
003 GCL
008 140319s9999 xx 000 0 ara d
040 _aGCL /
_cGCL
082 0 4 _a190
_bر م
100 1 _aروز، مارجريت
245 1 0 _aمابعد الحداثة /
_cروز، مارجريت
700 1 _aاحمد الشامى
260 _a[S.N] :
_bالهيئة المصرية العامة للكتاب ،
_c1994
300 _a316 ص
490 _aالالف كتاب
_v0
650 0 4 _aالفلسفة
650 0 4 _aالصناعة
650 0 4 _aالفلسفة الغربية
650 0 4 _aالنظام العالمى الحديث
942 _2ddc
_cBK
999 _c33324
_d33324